Epistolas del glorioso doctor sant Hieronymo, agora nueuamete ipressas / (Record no. 156308)

MARC details
000 -LEADER
campo de control de longitud fija 01442nam a2200301 i 4500
001 - NÚMERO DE CONTROL
campo de control 156308
003 - IDENTIFICADOR DE NÚMERO DE CONTROL
campo de control ES-MaACL
005 - FECHA Y HORA DE LA ÚLTIMA TRANSACCIÓN
campo de control 20250905164032.0
008 - DATOS DE LONGITUD FIJA--INFORMACIÓN GENERAL
campo de control de longitud fija 950125s1548 sp |||| | spa d
040 ## - FUENTE DE CATALOGACIÓN
Centro catalogador/agencia de origen EUS
Lengua de catalogación spa
Centro/agencia transcriptor EUS
100 0# - ENTRADA PRINCIPAL--NOMBRE DE PERSONA
Nombre de persona Jerónimo,
Títulos y otros términos asociados al nombre Santo
9 (RLIN) 66343
245 10 - MENCIÓN DEL TÍTULO
Título Epistolas del glorioso doctor sant Hieronymo, agora nueuamete ipressas /
Mención de responsabilidad, etc. [traduzidas de latin en lengua castellana ... por ... Iuan de Molina].
260 ## - PUBLICACIÓN, DISTRIBUCIÓN, ETC.
Lugar de publicación, distribución, etc. Fue impressa en... Seuilla... :
Nombre del editor, distribuidor, etc. en casa de Iacome Cromberger,
Fecha de publicación, distribución, etc. 1548.
300 ## - DESCRIPCIÓN FÍSICA
Extensión [8], [8], CCXLVII, [1] h.. ;
Dimensiones Fol.
530 ## - NOTA DISPONIBLE DE FORMULARIO FÍSICO ADICIONAL
Nota de formato físico adicional disponible Disponible en formato digital.
596 ## - NOTA AL PIE DE IMPRENTA
NOTA AL PIE DE IMPRENTA Colofón orlado, de donde se ha tomado la explicación de tít., lugar de imp. e impresor.
597 ## - NOTA DE DESCRIPCIÓN FÍSICA
NOTA DE DESCRIPCIÓN FÍSICA Sign.: [cruz griega]8, a-z8, ü6, ?8, [ ]8, A-E8.
597 ## - NOTA DE DESCRIPCIÓN FÍSICA
NOTA DE DESCRIPCIÓN FÍSICA Texto a dos col.
597 ## - NOTA DE DESCRIPCIÓN FÍSICA
NOTA DE DESCRIPCIÓN FÍSICA Port. xil. orlada arquitectónica y a dos tintas.
597 ## - NOTA DE DESCRIPCIÓN FÍSICA
NOTA DE DESCRIPCIÓN FÍSICA Grab. xil. a toda plana en v. de port. (Virgen con el Niño)
597 ## - NOTA DE DESCRIPCIÓN FÍSICA
NOTA DE DESCRIPCIÓN FÍSICA Letra gótica.
650 07 - PUNTO DE ACCESO ADICIONAL DE MATERIA--TÉRMINO DE MATERIA
Término de materia o nombre geográfico como elemento de entrada Literatura religiosa
Fuente del encabezamiento o término embne
9 (RLIN) 14656
700 1# - ENTRADA AGREGADA--NOMBRE PERSONAL
Nombre de persona Molina, Juan de,
Fechas asociadas al nombre fl. 1517-1552
9 (RLIN) 156268
700 1# - ENTRADA AGREGADA--NOMBRE PERSONAL
Nombre de persona Cromberger, Jacobo (
Fechas asociadas al nombre fl. 1503-1529)
9 (RLIN) 163564
852 ## - LOCALIZACIÓN
Ubicación ES-MaACL
Número de control de estantería R-158
Nota libre - Enc. pasta española
-- . - Ex-libris manuscrito de la Librería de la Victoria de Madrid
Encuadernación Olim: C-2351
856 ## - LOCALIZACIÓN Y ACCESO ELECTRÓNICOS
Identificador Uniforme de Recursos <a href="http://bdh-rd.bne.es/viewer.vm?id=0000085021&page=1 ">http://bdh-rd.bne.es/viewer.vm?id=0000085021&page=1 </a>
Nota pública Biblioteca Digital Hispánica
Holdings
Estatus retirado Estado de pérdida Estado de daño No para préstamo Colección Biblioteca de origen Biblioteca actual Ubicación en estantería Fecha de adquisición Fuente de adquisición Total de préstamos Signatura topográfica completa Código de barras Visto por última vez Precio de reemplazo Tipo de ítem Koha
        Colección digital Biblioteca del Ateneo de Madrid Biblioteca del Ateneo de Madrid Depósito 17/01/2008     R-158 1163531 23/02/2023 23/02/2023 Libro impreso antiguo